Os 15 principais países afetados pela Covid-19 - 11 de junho - Statistics

Estatísticas Gerais
  • Esse quiz foi jogado 7 vezes
  • A pontuação média é 10 de 26
Estatísticas das Respostas
país % Correto
Brasil
100%
Estados Unidos
83%
Índia
67%
Itália
67%
Reino Unido
67%
Rússia
67%
Alemanha
50%
França
50%
México
50%
Chile
33%
Chile
33%
Espanha
33%
Irão
33%
Irlanda
33%
Peru
33%
Armênia
17%
Bahrein
17%
Bélgica
17%
Bielorrússia
17%
Catar
17%
Kuweit
17%
Panamá
17%
Paquistão
17%
Singapura
17%
Suécia
17%
Turquia
17%
Nenhum quiz correspondente encontrado
Distribuição das Pontuações
Porcentagem de Pessoas com Cada Pontuação
Percentil de Números Respondidos
Sua Pontuação Histórica
Você não jogou esse quiz